Atomic, molecular, and optical physics (Record no. 13920)

MARC details
000 -LEADER
fixed length control field 00737nam a2200217Ia 4500
003 - CONTROL NUMBER IDENTIFIER
control field IN-BaIIA
008 - FIXED-LENGTH DATA ELEMENTS--GENERAL INFORMATION
fixed length control field 211028s9999 xx 000 0 eng d
020 ## - INTERNATIONAL STANDARD BOOK NUMBER
International Standard Book Number 0-12-475976-9
040 ## - CATALOGING SOURCE
Transcribing agency IIA Library
080 ## - UNIVERSAL DECIMAL CLASSIFICATION NUMBER
Universal Decimal Classification number 539.18
Item number ATO
245 #0 - TITLE STATEMENT
Title Atomic, molecular, and optical physics
Remainder of title atoms and molecules
Statement of responsibility, etc. edited by F. B. Dunning and Randall G. Hulet
260 ## - PUBLICATION, DISTRIBUTION, ETC.
Place of publication, distribution, etc. San Diego
Name of publisher, distributor, etc. Academic Press
Date of publication, distribution, etc. 1996
300 ## - PHYSICAL DESCRIPTION
Extent xix, 435p.
490 ## - SERIES STATEMENT
Series statement Experimental methods in the physical sciences; vol. 29B
650 ## - SUBJECT ADDED ENTRY--TOPICAL TERM
Topical term or geographic name entry element Atomic physics
9 (RLIN) 1547
650 ## - SUBJECT ADDED ENTRY--TOPICAL TERM
Topical term or geographic name entry element Molecular physics
9 (RLIN) 1914
650 ## - SUBJECT ADDED ENTRY--TOPICAL TERM
Topical term or geographic name entry element Optics
700 ## - ADDED ENTRY--PERSONAL NAME
Personal name Dunning, F. B., ed.
9 (RLIN) 24385
700 ## - ADDED ENTRY--PERSONAL NAME
Personal name Hulet, Randall G., ed.
9 (RLIN) 24386
942 ## - ADDED ENTRY ELEMENTS (KOHA)
Koha item type Books
Holdings
Withdrawn status Lost status Damaged status Not for loan Home library Current library Shelving location Date acquired Total Checkouts Full call number Barcode Date last seen Price effective from Koha item type
        IIA Library-Bangalore IIA Library-Bangalore General Stacks     539.18/ ATO 14840 05/11/2021   Books

Powered by Koha